000 00713nam a2200253Ia 4500
003 OSt
005 20220927110350.0
006 a|||||r|||| 00| 0
007 ta
008 220926b |||||||| |||| 00| 0 eng d
024 _a36080
037 _cReports
040 _aRTL
_cRTL
_beng
041 _2eng
_aeng
082 _a"X:75.2355.N42t5, GD"
110 _a"Bombay, (Govt of-)"
_9376726
245 0 _a"Post war reconstruction, proposals for Satana Talu and Kheda Taluka"
260 _c1942
300 _a138p.
_ccm.
650 _aPlanned Economy-India
700 _a"Bombay, (Govt of-)"
_9376727
942 _h"X:75.2355.N42t5, GD"
_cCC
999 _c695838
_d695838